000 00293nam a22001337a 4500
008 170407b xxu||||| |||| 00| 0 eng d
020 _a0781701570
041 _aeng
080 _a616
100 _a9
101 _aSHM
245 _aHYPERTENSION PATHOPHYSOPLOGY
_cLARA.J.H
942 _2udc
_cBK
999 _c10105
_d10105